Statistics for Countries Containing W

Click here to take the quiz!

General Stats

  • This quiz has been taken 1,605 times
  • The average score is 8 of 12

Answer Stats

Country% Correct
New Zealand
80%
Sweden
78%
Switzerland
78%
Zimbabwe
64%
Swaziland
62%
Botswana
61%
Rwanda
61%
Norway
60%
Malawi
59%
Papua
New Guinea
58%
Taiwan
49%
Kuwait
47%

Score Distribution

Percentile by Number Answered

Percent of People with Each Score

Your Score History

You have not taken this quiz